000 00559cam a22002171 4500
001 sa 64008071
003 DLC
005 20260227112052.0
008 890622s1964 ii 000 0 hino
010 _asa 64008071
035 _a(OCoLC)19913935
040 _aDLC
_cWaU
_dDLC
042 _apremarc
050 0 0 _aLB775.G22
_bD82
100 1 _aDube, Milāpacandra,
_d1906-
245 1 0 _aBuniyādī śikshā aura navīna samāja vyavasthā.
260 _c1964.
300 _a49 p.
_c24 cm.
500 _aIn Hindi.
650 0 _aWardha scheme of education.
999 _c60670
_d60670